000
00299nam a22001337a 4500
003
SGT
082
_a
615.538
_b
H15G
100
_a
GUPTA,O.P.
245
_a
HANDBOOK OF AYURVEDIC MEDICINE
260
_a
VARANASI
_b
CHAUKHAMBHA
_c
2015
300
_a
2015
650
_a
AYURVEDA MEDICINE
942
_2
ddc
_c
BK
_0
2
999
_c
8562
_d
8562